[Event "JUG-ch1 Sen corr"]
[Site "Yugoslavia"]
[Date "1999.??.??"]
[Round "13"]
[White "Bokan, Dragoljub"]
[Black "Stankovic, Borisav"]
[Result "0-1"]
[WhiteElo "2250"]
[BlackElo "2200"]
[PlyCount "68"]
[EventDate "1999.01.15"]
[EventType "tourn (corr)"]
[EventRounds "12"]
[EventCountry "YUG"]
[SourceTitle "Corr 2002"]
[Source "ChessBase"]
[SourceDate "2002.05.23"]
[SourceVersion "1"]
[SourceVersionDate "2002.05.23"]
[SourceQuality "1"]

1. e4 c5 2. Nf3 d6 3. d4 cxd4 4. Nxd4 Nf6 5. Nc3 e5 6. Bb5+ Bd7 7. Bxd7+ Qxd7 8. Nf3 a6 9. 0-0 Be7 10. Qd3 0-0 11. Rd1 h6 12. b3 Qc7 13. Nd2 Rc8 14. Bb2 b5 15. a3 Nbd7 16. Rac1 Nc5 17. Qe2 Ne6 18. g3 Qb7 19. Nf1 Nd4 20. Qd3 d5 21. exd5 Nxd5 22. Qe4 Rxc3 23. Bxc3 f5 24. Qg2 Ne2+ 25. Kh1 Nexc3 26. Ne3 e4 27. Nxd5 Nxd5 28. c4 bxc4 29. bxc4 Nf6 30. Rc3 Bc5 31. h3 Qb2 32. Rdc1 Rd8 33. R3c2 Qxa3 34. g4 Rd3 0-1

[Event "JUG-ch1 Sen corr"]
[Site "Yugoslavia"]
[Date "1999.??.??"]
[Round "4"]
[White "Brajovic, Spasoje"]
[Black "Stankovic, Borisav"]
[Result "1/2-1/2"]
[WhiteElo "2250"]
[BlackElo "2200"]
[PlyCount "40"]
[EventDate "1999.01.15"]
[EventType "tourn (corr)"]
[EventRounds "12"]
[EventCountry "YUG"]
[SourceTitle "Corr 2002"]
[Source "ChessBase"]
[SourceDate "2002.05.23"]
[SourceVersion "1"]
[SourceVersionDate "2002.05.23"]
[SourceQuality "1"]

1. e4 c5 2. Nf3 d6 3. d4 cxd4 4. Nxd4 Nf6 5. Nc3 a6 6. Bg5 Nbd7 7. Bc4 Qa5 8. Qd2 e6 9. 0-0-0 b5 10. Bb3 Bb7 11. Rhe1 0-0-0 12. a3 Be7 13. Kb1 Kb8 14. f4 Nc5 15. Ba2 b4 16. axb4 Qxb4 17. Bxf6 Bxf6 18. g3 g6 19. e5 dxe5 20. fxe5 Bg7 1/2-1/2

[Event "JUG-ch1 Sen corr"]
[Site "Yugoslavia"]
[Date "1999.??.??"]
[Round "10"]
[White "Stankovic, Borisav"]
[Black "Moskalj, Nikola"]
[Result "0-1"]
[WhiteElo "2200"]
[BlackElo "2300"]
[PlyCount "96"]
[EventDate "1999.01.15"]
[EventType "tourn (corr)"]
[EventRounds "12"]
[EventCountry "YUG"]
[SourceTitle "Corr 2002"]
[Source "ChessBase"]
[SourceDate "2002.05.23"]
[SourceVersion "1"]
[SourceVersionDate "2002.05.23"]
[SourceQuality "1"]

1. e4 d6 2. d4 Nf6 3. Nc3 g6 4. Be2 Bg7 5. Nf3 0-0 6. 0-0 c6 7. h3 Nbd7 8. Be3 Qc7 9. a4 e5 10. dxe5 dxe5 11. Qd2 Nh5 12. Rfd1 Nf4 13. Bf1 Re8 14. a5 Bf8 15. Bc4 Ne6 16. Ne2 Nf6 17. Ng3 Rd8 18. Qc3 Rxd1+ 19. Rxd1 Bd6 20. Qd2 Be7 21. Qc3 Bd6 22. Ng5 Nxg5 23. Bxg5 Ne8 24. Be3 b5 25. axb6 axb6 26. Qe1 Ba6 27. Bb3 Be7 28. Ne2 Nd6 29. Nc3 Bc4 30. Ra1 Rxa1 31. Qxa1 Qb7 32. Qa2 b5 33. Bc5 Bxb3 34. Qxb3 Nc4 35. Bxe7 Qxe7 36. Nd1 Qc5 37. c3 Kf8 38. Qc2 b4 39. b3 Nd6 40. c4 Qd4 41. Ne3 Nxe4 42. Nf1 Ke7 43. Qa2 f5 44. Qc2 Nc5 45. Qa2 Nd3 46. Ne3 f4 47. Nf1 Ke6 48. Qe2 e4 0-1

[Event "JUG-ch1 Sen corr"]
[Site "Yugoslavia"]
[Date "1999.??.??"]
[Round "12"]
[White "Stankovic, Borisav"]
[Black "Perovic, Miodrag"]
[Result "1/2-1/2"]
[WhiteElo "2200"]
[BlackElo "2100"]
[PlyCount "78"]
[EventDate "1999.01.15"]
[EventType "tourn (corr)"]
[EventRounds "12"]
[EventCountry "YUG"]
[SourceTitle "Corr 2002"]
[Source "ChessBase"]
[SourceDate "2002.05.23"]
[SourceVersion "1"]
[SourceVersionDate "2002.05.23"]
[SourceQuality "1"]

1. d4 Nf6 2. c4 g6 3. g3 d5 4. cxd5 Qxd5 5. Nf3 e5 6. Bg2 exd4 7. Qxd4 Qxd4 8. Nxd4 c6 9. Nc3 Bg7 10. 0-0 0-0 11. a4 Na6 12. Bf4 Nb4 13. Rfd1 Nfd5 14. Nxd5 Nxd5 15. Bxd5 cxd5 16. Nb5 Be6 17. Nc7 Rad8 18. Nxe6 fxe6 19. Rac1 Rc8 20. b3 Bb2 21. Rxc8 Rxc8 22. Rd3 Rc3 23. Rxc3 Bxc3 24. Bb8 a6 25. f4 Bd4+ 26. Kg2 Kf7 27. Kf3 Kf6 28. e4 dxe4+ 29. Kxe4 Bc5 30. g4 Bb4 31. Bc7 h5 32. Bd8+ Kf7 33. h3 Bc3 34. Bh4 hxg4 35. hxg4 b5 36. axb5 axb5 37. Bf2 Ke7 38. Bd4 Bb4 39. Be5 Bc5 1/2-1/2

[Event "JUG-ch1 Sen corr"]
[Site "Yugoslavia"]
[Date "1999.??.??"]
[Round "7"]
[White "Stankovic, Borisav"]
[Black "Peuraca, Borivoje"]
[Result "1-0"]
[WhiteElo "2200"]
[BlackElo "2250"]
[PlyCount "57"]
[EventDate "1999.01.15"]
[EventType "tourn (corr)"]
[EventRounds "12"]
[EventCountry "YUG"]
[SourceTitle "Corr 2002"]
[Source "ChessBase"]
[SourceDate "2002.05.23"]
[SourceVersion "1"]
[SourceVersionDate "2002.05.23"]
[SourceQuality "1"]

1. e4 c5 2. Nf3 d6 3. d4 cxd4 4. Nxd4 Nf6 5. Nc3 e6 6. Be2 Nc6 7. 0-0 Be7 8. Be3 0-0 9. f4 Qc7 10. Qe1 Nxd4 11. Bxd4 e5 12. Be3 exf4 13. Rxf4 Be6 14. Qd2 Rfc8 15. Raf1 a6 16. h3 b5 17. Bd3 Nh5 18. R4f3 Bd8 19. Nd5 Qc6 20. g4 Nf6 21. Rxf6 gxf6 22. c3 Qb7 23. Bd4 Bxd5 24. exd5 Bb6 25. Qh6 Bxd4+ 26. cxd4 f5 27. Bxf5 f6 28. Be6+ Kh8 29. Rxf6 1-0